| 000 | 00356cam a2200145ua 4500 | ||
|---|---|---|---|
| 041 |
_aeng _h |
||
| 082 |
_a823.308 _bPRO/SW |
||
| 100 | _aProust, Marcel . | ||
| 245 |
_aSweet cheat gone / _cMarcel Proust. _hTextual Documents |
||
| 260 |
_aLondon : _bChatto and Windus , _c1961. |
||
| 300 | _a380 ; . | ||
| 504 | _a | ||
| 942 | _cBK | ||
| 999 |
_c12831 _d12831 |
||